000 01182nam a2200313 a 4500
005 20240516115959.0
008 100310s2010||||sp a f |||| 001 0 spa d
020 _a9788498352832
041 _aspa
092 _c616.07
_l79
_sSIL
100 1 _aSilbernagl, Stefan
_91947
245 _aFisiopatología.
_bTexto y atlas /
_cStefan Silbernagl
250 _a3a ed. revisada y ampliada
_bTraducción Liliana Anzando y Ariana Raina
260 _aMadrid:
_bEditorial Médica Panamericana;
_c2010.
300 _a427 p.
_bil.
_eCon 192 láminas en color realizadas por Rüdiger gay y Astried Rothenburger
500 _aSilbernagl, S. y Lang, F. (2010). Fisiopatología. Texto y atlas. (3a ed.). Madrid : Editorial Médica Panamericana.
653 _aFundamentos
653 _aTemperatura. Energía
653 _aSangre
653 _aRespiración y el metabolismo ácido-base
653 _aRiñón y el metabolismo hidrosalino
653 _aEstomago, intestino e higado
653 _aCorazón y sistema circulatorio
653 _aMetabolismo
653 _aHormonas
653 _aSistema nervioso, músculos y sentidos
700 1 _aLang, Florian
_91948
942 _2ddc
_cBK
_02
999 _c1226
_d1226